00571 2200169 4500001002100000008004100021035002000062245015500082100003000237260004400267300001300311020002200324084001400346082000800360650001400368990001900382INLIS000000000003140 ind  a0010-0724003140 aUndang-Undang Republik Indonesia Nomor 5 Tahun 1992 Tentang Benda Cagar BudayabMemunculkan Kekuatan Tanpa Batas dalam DiricMehdy Nurjanatur Fadillah aMehdy Nurjanatur Fadillah aJakartabPhoenix Publishing Housec2019 a657 hlm. a978-602-5406-96-6 a150 ANT u a150 aNon Fiksi aP29/CP/24/3140